c2c Stations Quiz - Statistics

General Stats
  • This quiz has been taken 16 times
  • The average score is 23 of 28
Answer Stats
Answer % Correct
Basildon
100%
Fenchurch Street
100%
Southend Central
100%
Barking
92%
Limehouse
92%
Ockendon
92%
Shoeburyness
92%
Southend East
92%
Upminster
92%
Dagenham Dock
85%
East Tilbury
85%
Grays
85%
Laindon
85%
Liverpool Street
85%
Pitsea
85%
Stratford
85%
Thorpe Bay
85%
Westcliff
85%
West Ham
85%
Tilbury Town
77%
West Horndon
77%
Benfleet
69%
Chalkwell
69%
Leigh-on-Sea
69%
Rainham
69%
Stanford-le-Hope
62%
Chafford Hundred
54%
Purfleet
54%
No matching quizzes found
Score Distribution
Percent of People with Each Score
Percentile by Number Answered
Your Score History
You have not taken this quiz